01155naa a2200181 i 45000010005000000030009000050050017000140080039000310400021000700410008000911000170000992450123002696500043003927000129004357000175005647110102007397730132008418933KOSZ 00520180312111759.0140903s1990 pl f |100 0 pol cBPKdKOSZ 005/EG apol1 aOWCZARZAK, Janusz.d1980 - 1990.bWyższa Szkoła Inżynierska w Koszalinie - Instytut Konstrukcji i Eksploatacji Maszyn,cZakład Maszyn Przemysłu Spożywczego10aRozkład granulometryczny materiału rozdrobnionego w kutrze /cJanusz Owczarzak, Władysław Tarasewicz, Tadeusz Bil. 0aRozdrabnianie - narzędzia i maszyny.1 aBIL, Tadeusz.bWyższa Szkoła Inżynierska w Koszalinie - Wydział Mechaniczny,cZakład Technologii Maszynd1974 - 1996.1 aTARASEWICZ, Władysław.bWyższa Szkoła Inżynierska w Koszalinie - Instytut Konstrukcji i Eksploatacji Maszyn,cZakład Maszyn Przemysłu Spożywczegod1983 - 1991.22aBudowa i eksploatacja maszyn w przemyśle spożywczymn(5 ;d1990 ;cPoznań - Błażejewko).0 iW :tV Konferencja naukowo-techniczna "Budowa i eksploatacja maszyn w przemyśle spożywczym". -dPoznań, 1990. -gs. 98-99